Six Decades of Indonesia-China Relations An Indonesian Perspective /

This book analyses the relations between Indonesia and China in the regional dynamics of Southeast Asia. The rising China has influenced global and regional constellations, and also has direct impacts for Indonesia. While this fact should be viewed as an opportunity that needs to be fully utilised f...

Πλήρης περιγραφή

Λεπτομέρειες βιβλιογραφικής εγγραφής
Συγγραφή απο Οργανισμό/Αρχή: SpringerLink (Online service)
Άλλοι συγγραφείς: Christin Sinaga, Lidya (Επιμελητής έκδοσης, http://id.loc.gov/vocabulary/relators/edt)
Μορφή: Ηλεκτρονική πηγή Ηλ. βιβλίο
Γλώσσα:English
Έκδοση: Singapore : Springer Singapore : Imprint: Springer, 2018.
Έκδοση:1st ed. 2018.
Θέματα:
Διαθέσιμο Online:Full Text via HEAL-Link
LEADER 03528nam a2200493 4500
001 978-981-10-8084-5
003 DE-He213
005 20191025051712.0
007 cr nn 008mamaa
008 180320s2018 si | s |||| 0|eng d
020 |a 9789811080845  |9 978-981-10-8084-5 
024 7 |a 10.1007/978-981-10-8084-5  |2 doi 
040 |d GrThAP 
050 4 |a JA76 
072 7 |a JHB  |2 bicssc 
072 7 |a SOC026000  |2 bisacsh 
072 7 |a JHB  |2 thema 
072 7 |a JP  |2 thema 
082 0 4 |a 306.2  |2 23 
245 1 0 |a Six Decades of Indonesia-China Relations  |h [electronic resource] :  |b An Indonesian Perspective /  |c edited by Lidya Christin Sinaga. 
250 |a 1st ed. 2018. 
264 1 |a Singapore :  |b Springer Singapore :  |b Imprint: Springer,  |c 2018. 
300 |a XVI, 96 p.  |b online resource. 
336 |a text  |b txt  |2 rdacontent 
337 |a computer  |b c  |2 rdamedia 
338 |a online resource  |b cr  |2 rdacarrier 
347 |a text file  |b PDF  |2 rda 
505 0 |a Editorial Note -- Foreword -- Preface -- Abbreviations -- Chapter 1. The Dynamics of Indonesia-China Relations in Politics, Defense-Security, and Economy in Southeast Asia: An Indonesian Perspective (Lidya Christin Sinaga) -- Chapter 2. Indonesia-China Economic Relations Post-The 1997 Asian Crisis (Adriana Elisabeth) -- Chapter 3. The Dynamics of ASEAN-China Economic Relations (Ratna Shofi Inayati) -- Chapter 4. Opportunities and Challenges in Indonesia-China Relations: Service and Labor Sectors (Tri Nuke Pudjiastuti) -- Chapter 5. Indonesia-China Relations: A Political-Security Perspective (Nanto Sriyanto) -- Chapter 6. The Prospects of Indonesia-China Relations (Ganewati Wuryandari) -- Bibliography. 
520 |a This book analyses the relations between Indonesia and China in the regional dynamics of Southeast Asia. The rising China has influenced global and regional constellations, and also has direct impacts for Indonesia. While this fact should be viewed as an opportunity that needs to be fully utilised for the benefit of national development of Indonesia, we should also prepare for the threats embedded in this development, especially from the service and labour sectors. As such, this book suggests that equal positions in relations between Indonesia and China are absolutely necessary, since both countries need each other in their efforts to maintain the continuity of their development. It also argues that to further strengthen its position in relation to China in the future, Indonesia's diplomacy requires an integrated grand design that supports the creation of economic and political power in the face of the emergence of China's economic and military power. . 
650 0 |a Political sociology. 
650 0 |a World politics. 
650 0 |a Asia-History. 
650 1 4 |a Political Sociology.  |0 http://scigraph.springernature.com/things/product-market-codes/X22170 
650 2 4 |a Political History.  |0 http://scigraph.springernature.com/things/product-market-codes/911080 
650 2 4 |a Asian History.  |0 http://scigraph.springernature.com/things/product-market-codes/715000 
700 1 |a Christin Sinaga, Lidya.  |e editor.  |4 edt  |4 http://id.loc.gov/vocabulary/relators/edt 
710 2 |a SpringerLink (Online service) 
773 0 |t Springer eBooks 
776 0 8 |i Printed edition:  |z 9789811080838 
776 0 8 |i Printed edition:  |z 9789811080852 
776 0 8 |i Printed edition:  |z 9789811340598 
856 4 0 |u https://doi.org/10.1007/978-981-10-8084-5  |z Full Text via HEAL-Link 
912 |a ZDB-2-SLS 
950 |a Social Sciences (Springer-41176)